| 000 | 01645nam a2200349 i 4500 | ||
|---|---|---|---|
| 999 |
_c5208 _d5208 |
||
| 001 | ocm21635291 | ||
| 003 | OSt | ||
| 005 | 20250825141033.0 | ||
| 008 | 210527s2021 nyua j 6 000 1 eng d | ||
| 020 | _a9781338363296 | ||
| 040 |
_aDLC _beng _erda _cDLC _dCaOL _dKH8 |
||
| 082 | _aFIC YOU | ||
| 100 | 1 |
_aYoung, Ethan, _d1983- _eauthor, _eillustrator. |
|
| 245 | 1 | 4 |
_aThe dragon path / _cEthan Young. |
| 250 | _aFirst edition. | ||
| 264 | 1 |
_aNew York : _bScholastic / Graphix, _c[2021] |
|
| 264 | 4 | _c©2021. | |
| 300 |
_a198 pages : _bchiefly colour illustrations ; _c23 cm. |
||
| 336 |
_atext _btxt _2rdacontent. |
||
| 336 |
_astill image _2rdacontent. |
||
| 337 |
_aunmediated _bn _2rdamedia. |
||
| 338 |
_avolume _bnc _2rdacarrier. |
||
| 520 |
_a"The Wong Clan hopes to leave their blighted homeland for a mythical place called Old Land, but first they must pass through the Dragon Path. Young Prince Sing is separated from the clan during an attack by their fearsome enemies, the Dragon Clan. As the Wong Clan and the Dragon Clan battle, a terrible betrayal by a devious advisor throws the conflict into chaos. With the help of Ming, a mystic from the Old Land, and his catlike warrior beast Midnight, Prince Sing must do all he can to save both the Wong Clan and the Dragon Clan from mutual destruction"-- _cProvided by publisher. |
||
| 650 | 0 |
_aPrinces _vJuvenile fiction. |
|
| 650 | 0 |
_aWizards _vJuvenile fiction. |
|
| 650 | 0 |
_aMagic _vJuvenile fiction. |
|
| 650 | 0 |
_aMonsters _vJuvenile fiction. |
|
| 650 | 0 |
_aDragons _vJuvenile fiction. |
|
| 650 | 7 |
_aFantasy comics. _2genre. |
|
| 650 | 7 |
_aGraphic novels. _2genre. |
|
| 942 |
_2ddc _cGN |
||